000
00295nam a2200133Ia 4500
005
20260328104302.0
008
260328s9999||||xx |||||||||||||| ||und||
100
_a
Rulfo, Juan
245
0
_a
Pedro Páramo /
_c
Juan Rulfo
260
_b
RM
300
_a
132 p.
650
_a
NOVELAS
942
_c
BK
999
_c
10617
_d
10617